| 000 | 00760nam a2200289Ia 4500 | ||
|---|---|---|---|
| 001 | 7581 | ||
| 003 | IT-RoPAU | ||
| 008 | 130308s9999 xx 000 0 und d | ||
| 040 | _aIT-RoPAU | ||
| 040 | _cIT-RoPAU | ||
| 041 | _aITALIANO | ||
| 100 | _aPieyre De Mandiargues Andrè | ||
| 100 | _gCodice Aut. SPICS: 2582 | ||
| 245 | 2 | _aA proposito dell'Impero dei sensi | |
| 245 | _bImpero dei Sensi (L') | ||
| 250 | _a1a ed. | ||
| 260 | _aMILANO | ||
| 260 | _bIl Formichiere | ||
| 260 | _c1980 [1° Ed.:1980 - Ed.Ling.Originale:1976] | ||
| 300 | _a"4 p. (prefazione: no ; testo: 4 [pagine: 101-104])" | ||
| 650 | _aAUTORI/OPERE DEL CINEMA | ||
| 650 | _eCodice materia Spics: 6807 | ||
| 942 | _cBK | ||
| 957 | _71 | ||
| 999 |
_c52391 _d52391 |
||
| 999 | _bSI | ||
| 999 | _g1 | ||